000 00804nam a2200229 a 4500
001 13403
003 BD-JhCC
005 20230917085934.0
008 230916b20152017bg |||| ||a| 000 0 ben d
035 _a(BD-JhCC)13403
040 _aBD-JhCC
_dBD-JhCC
041 _abengali
082 _a922.97
_bCHO 2017
245 _aছোটদের হযরত থানভী রহ. /
_cসংকলন: মুফতী আব্দুস সালাম সুনামগঞ্জী।
260 _aঢাকা:
_bআনোয়ারা লাইব্রেরী;
_c2017.
300 _a110 p. :
_c22 cm.
600 _aThanwi, Ashraf Ali
650 _aBiography
700 _aসুনামগঞ্জী, মুফতী আব্দুস সালাম
942 _2ddc
_cBK
999 _c13403
_d13403